Footballers by Nickname - Statistics

General Stats
  • This quiz has been taken 16 times
  • The average score is 11 of 20
Answer Stats
Nickname Answer % Correct
CR7 Cristiano Ronaldo
100%
Egyptian King Mohamed Salah
100%
Der Kaiser Franz Beckenbauer
93%
El Niño Fernando Torres
71%
Der Bomber Gerd Müller
71%
Kun Sergio Agüero
71%
La Pulga Lionel Messi
64%
King Eric Eric Cantona
57%
El Pistolero Luis Suárez
57%
O Rei Pelé
57%
Il Fenomeno Ronaldo Nazário
57%
Captain America Christian Pulisic
50%
El Pibe de Oro Diego Maradona
43%
Non-Flying Dutchman Dennis Bergkamp
36%
Baby-Faced Assassin Ole Gunnar Solskjær
36%
El Matador Edinson Cavani
29%
Slabhead Harry Maguire
29%
L'Imperatore Adriano
21%
Black Panther Eusébio
21%
Black Spider Lev Yashin
21%
No matching quizzes found
Score Distribution
Percent of People with Each Score
Percentile by Number Answered
Your Score History
You have not taken this quiz